ბათუმის შოთა რუსთაველის სახელმწიფო უნივერსიტეტის ბიბლიოთეკა

ნიკო ბერძენიშვილი : (ბიბ.ჩანაწერი № 56196)

000 -ლიდერი
ფიქსირებული სიგრძის საკონტროლო ველი 01125nam a2200241Ia 4500
001 - საკონტროლო ნომერი
საკონტროლო ველი 23297
003 - საკონტროლო ნომრის იდენტიფიკატორი
საკონტროლო ველი GE_BSU
005 - ბოლო ოპერაციის თარიღი და დრო
საკონტროლო ველი 20251118200024.0
008 - ფიქსირებული სიგრძის მონაცემთა ელემენტები - ზოგადი ინფორმაცია
ფიქსირებული სიგრძის საკონტროლო ველი 181216s1964||||ge |||||||||||||| ||geo||
040 ## - კატალოგიზაციის წყარო
Transcribing agency GE_BSU
041 ## - ენის კოდი
Language code of text/sound track or separate title geo
080 ## - უნივერსალური ათობითი კლასიფიკაციის ინდექსი
Universal Decimal Classification number 930(479.22)(092ბერძენიშვილი, ნ.) დ-90
100 ## - მთავარი ჩანაწერი - პიროვნების სახელი
Personal name დუმბაძე, მამია
9 (RLIN) 26263
245 ## - ცნობა სათაურის შესახებ
Title ნიკო ბერძენიშვილი :
Remainder of title მონოგრაფია /
Statement of responsibility, etc მამია დუმბაძე ; რედ. ვ. დონდუა ; მხატვ. ჯ. ყავლაშვილი.
264 ## - წარმოების, გამოცემის, დისტრიბუციის და სხვა ცნობები
გამოცემის, წარმოების, დისტრიბუციის... ადგილი თბილისი :
გამოცემის, წარმოების, დისტრიბუციის... სახელწოდება ნაკადული,
გამოცემის, წარმოების, დისტრიბუციის... თარიღი 1964.
300 ## - ფიზიკური აღწერა
Extent 97გვ. :
Other physical details 1ფ. პორტრ. ;
Dimensions 19 სმ.
653 ## - INDEX TERM--UNCONTROLLED
Uncontrolled term ნიკო ბერძენიშვილი : მონოგრაფია
653 ## - INDEX TERM--UNCONTROLLED
Uncontrolled term ქართველი ისტორიკოსები
700 ## - ADDED ENTRY--PERSONAL NAME
Personal name დონდუა, ვ.
Relator term რედაქტორი
9 (RLIN) 16396
700 ## - ADDED ENTRY--PERSONAL NAME
Personal name ყავლაშვილი, ჯ.
Relator term მხატვარი
9 (RLIN) 5903
942 ## - ADDED ENTRY ELEMENTS (KOHA)
Koha item type წიგნი
Source of classification or shelving scheme
ეგზემპლარები
ჩამოწერის სტატუსი დაკარგული ეგზემპლარის სტატუსი კლასიფიკაციის წყარო ან თაროზე გაწყობის სქემა დაზიანების სტატუსი არ გაიცემა მუდმივი მდებარეობა (დაცვის ადგილი) ამჟამინდელი ადგილსამყოფელი თაროზე განთავსების ადგილი შეძენის თარიღი ღირებულება, შესყიდვის ნორმალური ფასი სრული შენახვის შიფრი შტრიხკოდი ბოლო ოპერაციის თარიღი ეგზემპლარის მიმდევრობითი ნომერი (კეტერი?) ფასის ძალაში შესვლის თარიღი ეგზემპლარის სახეობა საჯარო შენიშვნა
          ბათუმის შოთა რუსთაველის სახელმწიფო უნივერსიტეტის მთავარი ბიბლიოთეკა ბათუმის შოთა რუსთაველის სახელმწიფო უნივერსიტეტის მთავარი ბიბლიოთეკა წიგნსაცავი 2018-12-17 2.00 930(479.22)(092ბერძენიშვილი, ნ.) დ-90 28260 2018-12-17 28260 2018-12-17 წიგნი 2.00 ₾.